000 00803nam a2200253Ia 4500
003 OSt
005 20220926002742.0
006 a|||||r|||| 00| 0
007 ta
008 220923b |||||||| |||| 00| 0 eng d
020 _a8172110537
037 _cGeneral Book
040 _aRTL
_cRTL
_beng
041 _2eng
_aeng
082 _aY9(L:5).216.N9, N4
100 _aKopparty S N M
_9306427
245 0 _aSocial inequality and health care
_b A study in health behaviour in rural Andhera Pradesh
260 _a New Delhi
_bNorthern Book Centre
_c1994
300 _axviii,182p
_ccm.
500 _aBibliography: p 165-174; Appendix: p 162-164
650 _aHealth Medical Sociology
942 _hY9(L:5).216.N9, N4
_cGB
_2CC
999 _c605991
_d605991